|
|
|
|
| LEADER |
00000nam0a2200000 4500 |
| 001 |
23860 |
| 005 |
20231101205557.0 |
| 035 |
|
|
|a (RuTPU)RU\TPU\book\24085
|
| 035 |
|
|
|a BOOK00024158
|
| 090 |
|
|
|a 23860
|
| 100 |
|
|
|a 20011209d2000 km y0rusy50 ca
|
| 101 |
0 |
|
|a rus
|
| 102 |
|
|
|a RU
|
| 105 |
|
|
|a y gj 000zy
|
| 200 |
1 |
|
|a Справочник для изучающих общую и неорганическую химию
|e учебное пособие
|f Н. Ф. Стась
|g Томский политехнический университет
|
| 205 |
|
|
|a 2-е изд., доп.
|
| 210 |
|
|
|a Томск
|c Изд-во ТПУ
|d 2000
|
| 215 |
|
|
|a 74 с.
|
| 606 |
1 |
|
|a Химия общая
|2 stltpush
|3 (RuTPU)RU\TPU\subj\67862
|9 83510
|
| 606 |
1 |
|
|a Неорганическая химия
|2 stltpush
|3 (RuTPU)RU\TPU\subj\67586
|9 83311
|
| 610 |
1 |
|
|a справочники
|
| 610 |
1 |
|
|a учебные пособия
|
| 675 |
|
|
|a 54(035)(075.8)
|v 3
|
| 675 |
|
|
|a 546(035)(075.8)
|v 3
|
| 700 |
|
1 |
|a Стась
|b Н. Ф.
|c химик
|c доцент Томского политехнического университета, кандидат химических наук
|f 1939-
|g Николай Фёдорович
|2 stltpush
|3 (RuTPU)RU\TPU\pers\25192
|
| 712 |
0 |
2 |
|a Томский политехнический университет
|2 stltpush
|3 (RuTPU)RU\TPU\col\376
|
| 801 |
|
0 |
|a RU
|b 63413507
|c 20011209
|g PSBO
|
| 801 |
|
2 |
|a RU
|b 63413507
|c 20030904
|g PSBO
|
| 801 |
|
2 |
|a RU
|b 63413507
|c 20210201
|g PSBO
|
| 900 |
|
|
|a Общая химия
|
| 900 |
|
|
|a Неорганическая химия
|
| 942 |
|
|
|c BK
|